Click The 15 Biggest European Countries On A Map - Statistics

General Stats
  • This quiz has been taken 405 times
    399 since last reset
  • The average score is 14 of 15
Answers on the Map
Answers color-coded by a green-red scale on the quiz's map according to % correct below.
 
Answer Stats
Answer % Correct
United Kingdom
95%
Germany
94%
Greece
94%
Italy
94%
Russia
94%
Spain
94%
France
93%
Finland
92%
Norway
92%
Sweden
92%
Ukraine
92%
Poland
90%
Romania
89%
Belarus
88%
Bulgaria
86%
No matching quizzes found
Score Distribution
Percent of People with Each Score
Percentile by Number Answered
Your Score History
You have not taken this quiz since the last reset